| 000 | 00966nas a2200277 4500 | ||
|---|---|---|---|
| 001 | BR8702074 | ||
| 003 | BR-BrBNA | ||
| 005 | 20231205090640.0 | ||
| 007 | ta | ||
| 008 | 230509b bl.|||p| |||| 00| 00por d | ||
| 040 |
_aBR-BrBNA _bpor _cBiblioteca Nacional de Agricultura |
||
| 041 | _a(Pt) | ||
| 072 | _aQ80 | ||
| 100 | 1 | _aAnjos, V.D. de A. | |
| 100 | 1 | _aFaria, E.V. de | |
| 100 | 1 | _aDantas, S.T. | |
| 100 | 1 | _aSoler, R.M. | |
| 100 | 1 | _aGarcia, A.E. | |
| 245 | 1 | _aEstudo comparativo da vida util de latas para corned beef com e sem protecao de breu | |
| 246 | 1 | _aComparative study of external corrosion of cans cotaining corned beef with and without the protection of an external coating | |
| 650 | _aEMBALAGEM | ||
| 650 | _aLATA DE CONSERVA | ||
| 773 | 0 |
_tBoletim do Instituto de Tecnologia de Alimentos (Brazil) _xISSN 0366-0281 _g(Apr-Jun 1986), v. 23(2) p. 239-251 _wBR8702074 |
|
| 909 |
_a202311 _bLúcia _c55 _dLúcia Elande |
||
| 942 |
_2AGRIS _n0 _cANA |
||
| 999 |
_c120015 _d120015 |
||